000 00484nam a2200121Ia 4500
008 160712s9999 xx 000 0 und d
100 _aBarrios, John E.
245 _cJohn E. Barrios
_a“Pataasan ng Ihi” Bilang Pangangatwiran: Politikal na Diskurso ng Taumbayan sa mga Kuwentong Bayan ng Aklan
260 _c2012
_bDaluyan: Journal ng Wikang Filipino
300 _avol. 18 no. 1-2
650 _xFILIPINO
856 _uhttp://journals.upd.edu.ph/index.php/djwf/issue/view/340/showToc
999 _c297419
_d297419